[Event "Bamberg op 6th"]
[Site "Bamberg"]
[Date "2024.09.05"]
[Round "3"]
[White "Pribyl, Josef"]
[Black "Ronsin, Corentin"]
[Result "0-1"]
[WhiteElo "2190"]
[BlackElo "1847"]
[PlyCount "68"]
[EventDate "2024.09.04"]
[EventType "swiss"]
[EventRounds "7"]
[EventCountry "GER"]
[SourceTitle "EXT 2025"]
[Source "ChessBase"]
[SourceDate "2024.10.14"]
[SourceVersion "1"]
[SourceVersionDate "2024.10.14"]
[SourceQuality "1"]

1. d4 Nf6 2. Nf3 e6 3. g3 d5 4. Bg2 Be7 5. c4 0-0 6. Nbd2 Nbd7 7. 0-0 c6 8. Qc2 b6 9. e4 Bb7 10. e5 Ne8 11. b3 Rc8 12. Bb2 c5 13. dxc5 Bxc5 14. Rad1 Nc7 15. Qb1 Re8 16. Rfe1 b5 17. Nd4 bxc4 18. bxc4 Rb8 19. Qc2 Qe7 20. N4b3 Bb4 21. Bd4 Rec8 22. Bxa7 Ra8 23. Bd4 Nb5 24. Qb2 Na3 25. c5 Nb5 26. Nc1 Bxd2 27. Rxd2 Nxd4 28. Qxd4 Rxc5 29. Qb4 Rxc1 30. Qxe7 Rxe1+ 31. Bf1 Ba6 32. Qxd7 Bxf1 33. Re2 Bxe2+ 34. Kg2 Ra1 0-1

[Event "GER-chT U16"]
[Site "Magdeburg"]
[Date "2023.12.28"]
[Round "3.2"]
[White "Neves, Carlos"]
[Black "Ronsin, Corentin"]
[Result "0-1"]
[WhiteElo "1721"]
[BlackElo "1642"]
[PlyCount "100"]
[EventDate "2023.12.26"]
[EventType "team-swiss"]
[EventRounds "7"]
[EventCountry "GER"]
[SourceTitle "CBM 218 Extra"]
[Source "ChessBase"]
[SourceDate "2024.03.31"]
[SourceVersion "1"]
[SourceVersionDate "2024.03.31"]
[SourceQuality "1"]
[WhiteTeam "Baden-Baden"]
[BlackTeam "Nuernberg Noris Tarrasch"]
[WhiteTeamCountry "GER"]
[BlackTeamCountry "GER"]

1. d4 Nf6 2. c4 e5 3. dxe5 Ng4 4. e3 Nxe5 5. Nh3 Bc5 6. Nc3 d6 7. Nf4 Nbd7 8. Be2 Nf6 9. 0-0 0-0 10. Qc2 Ng6 11. Ncd5 Nxd5 12. Nxd5 a5 13. b3 c6 14. Nc3 Bb6 15. Bb2 Bc7 16. Rfd1 Qh4 17. g3 Qh3 18. Bf1 Qh5 19. Ne4 Bg4 20. Rd4 Rae8 21. Bg2 Re6 22. h3 Bxh3 23. Bxh3 Qxh3 24. Ng5 Qh5 25. Nxe6 fxe6 26. Qd1 Qh6 27. Rxd6 Qh3 28. c5 b6 29. Qd4 e5 30. Qc4+ Kh8 31. Qe6 Qh5 32. Rd7 Bb8 33. Qxc6 Qe2 34. Bc3 Qxf2+ 35. Kh1 Qxg3 36. Qg2 Qxe3 37. Rf1 Qxc5 38. Rxf8+ Qxf8 39. Rb7 Qd8 40. Qf3 Bd6 41. Ra7 Qh4+ 42. Kg2 Qg5+ 43. Kf1 h6 44. Qf7 Ne7 45. Qe6 Qc1+ 46. Be1 Qf4+ 47. Ke2 Qe4+ 48. Kd1 Qf3+ 49. Kc2 Nf5 50. Qg6 Qe4+ 0-1

[Event "GER-chT U16"]
[Site "Magdeburg"]
[Date "2023.12.27"]
[Round "1.4"]
[White "Geray, Idar"]
[Black "Ronsin, Corentin"]
[Result "0-1"]
[WhiteElo "1456"]
[BlackElo "1642"]
[PlyCount "21"]
[EventDate "2023.12.26"]
[EventType "team-swiss"]
[EventRounds "7"]
[EventCountry "GER"]
[SourceTitle "CBM 218 Extra"]
[Source "ChessBase"]
[SourceDate "2024.03.31"]
[SourceVersion "1"]
[SourceVersionDate "2024.03.31"]
[SourceQuality "1"]
[WhiteTeam "Bebenhausen"]
[BlackTeam "Nuernberg Noris Tarrasch"]
[WhiteTeamCountry "GER"]
[BlackTeamCountry "GER"]

1. d4 d5 2. Nf3 Nf6 3. e3 e6 4. Nbd2 c5 5. c3 Nc6 6. Bd3 Bd6 7. dxc5 Bxc5 8. 0-0 0-0 9. Qe2 e5 10. e4 Re8 11. Nb3 0-1